书目信息 |
| 题名: |
蓝天、碧水、绿地
|
|
| 作者: | 刘保垣 , 孙茹 编著 | |
| 分册: | ||
| 出版信息: | 广州 广东教育出版社 2004 |
|
| 页数: | 150页 | |
| 开本: | 20cm | |
| 丛书名: | 世界五千年科技故事丛书 | |
| 单 册: | ||
| 中图分类: | X-49 | |
| 科图分类: | ||
| 主题词: | 安全科学 , 劳动保护 , 环境科学 | |
| 电子资源: | ||
| ISBN: | 7-5406-4967-4 | |
| 000 | 00796nam0 2200265 450 | |
| 001 | 0639831062 | |
| 005 | 20061121164615.23 | |
| 010 | @a7-5406-4967-4@dCNY 9.00 | |
| 100 | @a20061107d2004 km y0chiy0120 ea | |
| 101 | 0 | @achi |
| 102 | @aCN@b440000 | |
| 200 | 1 | @a蓝天、碧水、绿地@Alan tian、bi shui、lu di@e地球环保的故事@f刘保垣,孙茹编著@Fliu bao yuan,sun ru bian zhu |
| 210 | @a广州@c广东教育出版社@d2004 | |
| 215 | @a150页@d20cm | |
| 225 | 2 | @a世界五千年科技故事丛书 |
| 410 | 0 | @12001 @a世界五千年科技故事丛书 |
| 517 | 1 | @a地球环保的故事@Adi qiu huan bao de gu shi |
| 606 | 0 | @a安全科学 |
| 606 | 0 | @a劳动保护 |
| 606 | 0 | @a环境科学 |
| 690 | @aX-49@v4 | |
| 701 | 0 | @a刘保垣@Aliu bao yuan@4编著 |
| 701 | 0 | @a孙茹@Asun ru@4编著 |
| 801 | @aCN@c20061121 | |
| 905 | @apdsgxy@dX-49@eL588 | |
| 蓝天、碧水、绿地:地球环保的故事/刘保垣,孙茹编著.-广州:广东教育出版社,2004 |
| 150页;20cm.-(世界五千年科技故事丛书) |
| ISBN 7-5406-4967-4:CNY 9.00 |
| ● |
| 相关链接 |
|
|
|
正题名:蓝天、碧水、绿地
索取号:X-49/L588
 
预约/预借
| 序号 | 登录号 | 条形码 | 馆藏地/架位号 | 状态 | 备注 |
| 1 | 613370 | 206133708 | 自科库501/501自科库 61排4列1层/ [索取号:X-49/L588] | 在馆 | |
| 2 | 613371 | 206133717 | 自科库501/501自科库 61排4列1层/ [索取号:X-49/L588] | 在馆 | |
| 3 | 613372 | 206133726 | 自科库501/501自科库 61排4列1层/ [索取号:X-49/L588] | 在馆 |